Place names on third military mapping of Těšín Silesia
| Titel: | Place names on third military mapping of Těšín Silesia / Tomáš Marek |
|---|---|
| Verfasser: | |
| In: |
Joint Commission Seminar on Historical Maps, Atlases and Toponymy (2013 : Leipzig): Joint commission seminar on historical maps, atlases and toponymy, (2016), Seite 39-49 alle Artikel anzeigen |
| Veröffentlicht: | 2016 |
| Umfang: | 19 Illustrationen |
| Format: | Aufsatz |
| Sprache: | Englisch |
X
alg: 48895687 001A $03025:17-12-21 001B $03025:08-06-22 $t10:54:19.000 001D $03025:17-12-21 001U $0utf8 001X $00 002@ $0Aou 002C $aText $btxt $2rdacontent 002D $aohne Hilfsmittel zu benutzen $bn $2rdamedia 002E $aBand $bnc $2rdacarrier 003@ $0488956870 007A $0488956870 $aHEB 010@ $aeng 010E $erda 011@ $a2016 021A $aPlace names on third military mapping of Těšín Silesia $hTomáš Marek 028A $BVerfasser $4aut $8Marek, Tomáš [Tnu] $9495427691 031A $h39-49 $j2016 034M $a19 Illustrationen 039B $aEnthalten in $8--Aau--Joint Commission Seminar on Historical Maps, Atlases and Toponymy$d2013$cLeipzig [Tf1]. Joint commission seminar on historical maps, atlases and toponymy. - Leipzig : Leibniz-Institut für Länderkunde, 2016. - 134 Seiten. - Illustrationen, Diagramme, Karten. - ISBN 3-86082-101-6 $x201600000000000961 $9382325591 044K $8Teschener Schlesien [Tg1] $9485723581 044K $RGeografischer Name $#Toponymy $#Toponymie $#Historischer Ortsname $#Siedlungsname $#Toponym $#Toponymikon $#Ortsnamen $74043950-1 $8Ortsname [Ts1] $9085122882 044K $RKarte $RMilitärkartografie $#Militärische Karte $74324072-0 $8Militärkarte [Ts1] $9086790722 045F $a911.43850904 $eDDC23BSB 045F/01 $a911 045F/03 $f0904 045F/03 $g4385 045F/03 $g438 045F/03 $g4371 045R $aGeschichte 1912-1948 lok: 48895687 78 exp: 48895687 78 1 #EPN 201B/01 $017-12-21 $t12:31:05.000 201C/01 $017-12-21 201U/01 $0utf8 203@/01 $01175276537 208@/01 $a17-12-21 $be 209A/01 $a/ $f000 $x00 209A/01 $ab*p $x01 220C/01 $apgar 244Z/01 $#Generalgouvernement Polen $#Polska $#Rzeczpospolita Polska $#Polska Rzeczpospolita Ludowa $#Poland $#Pologne $#République Polonaise $#Generalne Gubernatorstwo w Polsce $#Polish People's Republic $#Polska Rzeczpospolita Polen $#PRL $#RP $#Polen Generalgouvernement $#Polska Generalgouvernement $#Besetzte Polnische Gebiete $#Besetztes Gebiet in Polen $#Okupowane Polskie Obszary $#Obszary Okupowane w Polsce $#Volksrepublik Polen $#Polska Rosyjska $#Republic Polen $#Respublika Pol'ša $#Pol'skaja Narodnaja Respublika $#République de Pologne $#Polen Links der Weichsel $#Polska po Lewej Stronie Wisły $#Lenkija $#Polija $#Gubernija Carstva Pol'skago $#Republik Polen $74046496-9 $8--Tg1--Polen $x01 $9085129801 244Z/01 $#Schlesien $#Schlesien $#Herzogtum Schlesien $#Herzogtum Schlesien Schlesien $#Provinz Schlesien $#Śla̜sk $#Slezsko $#Silesia $74052678-1 $8--Tg1--Schlesien $x02 $9085146781 244Z/01 $#Böhmische Kronländer $#Länder der Böhmischen Krone $#Sudetenland $#Böhmen $#Mähren $#Mährisch-Schlesien $#Österreichisch-Schlesien $#Tschechische Sozialistische Republik Böhmische Länder $#Tschechei Böhmische Länder $#Země koruny české $74069573-6 $8--Tg1--Böhmische Länder $x03 $9085195553 247C/01 $82080>Marburg/Lahn, Herder-Institut, Forschungsbibliothek, Bibliographieportal $9336309341
| LEADER | 00000caa a2200000 c 4500 | ||
|---|---|---|---|
| 001 | 488956870 | ||
| 003 | DE-603 | ||
| 005 | 20220608105419.0 | ||
| 007 | tu | ||
| 008 | 211217s2016 xx |||| | u00||u|eng c | ||
| 035 | |a (DE-599)HEB488956870 | ||
| 040 | |a DE-603 |b ger |c DE-603 |d DE-603 |e rda | ||
| 041 | |a eng | ||
| 082 | 0 | 4 | |8 1\u |a 911.43850904 |q DE-101 |2 23/BSB |
| 085 | |8 1\u |b 911 | ||
| 085 | |8 1\u |z 1 |s 0904 | ||
| 085 | |8 1\u |z 2 |s 4385 | ||
| 085 | |8 1\u |z 2 |s 438 | ||
| 085 | |8 1\u |z 2 |s 4371 | ||
| 100 | 1 | |a Marek, Tomáš |e Verfasser |4 aut |0 (DE-603)495427691 | |
| 245 | 0 | 0 | |a Place names on third military mapping of Těšín Silesia |c Tomáš Marek |
| 264 | 0 | |c 2016 | |
| 300 | |b 19 Illustrationen | ||
| 336 | |a Text |b txt |2 rdacontent | ||
| 337 | |a ohne Hilfsmittel zu benutzen |b n |2 rdamedia | ||
| 338 | |a Band |b nc |2 rdacarrier | ||
| 648 | 7 | |a Geschichte 1912-1948 |2 gnd | |
| 650 | 7 | |a Ortsname |0 (DE-588)4043950-1 |0 (DE-603)085122882 |2 gnd | |
| 650 | 7 | |a Militärkarte |0 (DE-588)4324072-0 |0 (DE-603)086790722 |2 gnd | |
| 651 | 7 | |a Teschener Schlesien |0 (DE-588)1241706174 |0 (DE-603)485723581 |2 gnd | |
| 773 | 0 | 8 | |i Enthalten in |a Joint Commission Seminar on Historical Maps, Atlases and Toponymy (2013 : Leipzig) |t Joint commission seminar on historical maps, atlases and toponymy |d Leipzig : Leibniz-Institut für Länderkunde, 2016 |h 134 Seiten, Illustrationen, Diagramme, Karten |z 3860821016 |z 9783860821015 |g (2016), Seite 39-49 |w (DE-603)382325591 |
| 924 | 0 | |9 2080 |a (DE-603)1175276537 |b DE-2080 |c HES |d d |g / | |


